| 000 | 01235nam a22003137a 4500 | ||
|---|---|---|---|
| 001 | BD-DhSAU 9032 | ||
| 003 | BD-DhSAU | ||
| 005 | 20190515141705.0 | ||
| 008 | 150612b2017 bg a||||r|||| 000 0 eng d | ||
| 040 | _aBD-DhSAU | ||
| 082 |
_222 _a631.4 _bJ19 |
||
| 100 |
_aJahan , Syeda Israt _4Registration No: 16-07535 |
||
| 245 |
_aEffect of different levels of Potassium on Nodulation,
yield and nutrient content of Mungbean (BARI mung-6) / _cJahan , Syeda Israt _bMs Thesis |
||
| 260 |
_aSher-e- Bangla Agricultural University : _bDepartment of Soil science, _c2017. |
||
| 300 |
_avii , 50 p. : _bill. , _c30 cm. |
||
| 500 | _aMS thesis of Department of Soil Science, Faculty of Agriculture, Sher-e-Bangla Agricultural University, Dhaka, Bangladesh | ||
| 504 | _aIncludes bibliographical references. | ||
| 590 | _aShofi | ||
| 650 | _aSoil Science | ||
| 650 | _aDifferent level | ||
| 650 | _a Nodulation | ||
| 650 | _aPotassium | ||
| 650 | _aYield and nutrient | ||
| 650 | _aMungbean (BARI mung-6) | ||
| 700 |
_aPaul , Alok Kumar _eSupervisor |
||
| 700 |
_aHossain , Md Ashraf _eCo-Supervisor |
||
| 856 |
_uhttp://archive.saulibrary.edu.bd:8080/xmlui/handle/123456789/2488 _yOnline Access |
||
| 942 |
_2ddc _cTHESIS |
||
| 999 |
_c14656 _d14655 |
||